| 000 | 00545nam a22001937a 4500 | ||
|---|---|---|---|
| 003 | OSt | ||
| 005 | 20160422152216.0 | ||
| 008 | 160422b xxu||||| |||| 00| 0 eng d | ||
| 020 | _a019520479x | ||
| 040 | _cDDC. | ||
| 082 | _a332.1BAU 1985. | ||
| 100 |
_aBaum,C.Wallen;Tolbert,M.Stokes; _98196 |
||
| 245 |
_aInvesting in Developmemt. _bLessons of World Bank Experience. |
||
| 260 |
_aUk. _bOxford University Press. _c1985. |
||
| 300 |
_axi,610p; _bill; _c28cm. |
||
| 504 | _aincludes index. | ||
| 650 |
_aDevelopment. _9612 |
||
| 942 |
_2ddc _cSLOAN |
||
| 999 |
_c3699 _d3699 |
||